The spectacle of death (Record no. 185433)

000 -LEADER
fixed length control field 00736 a2200169 4500
003 - CONTROL NUMBER IDENTIFIER
control field Nust
005 - DATE AND TIME OF LATEST TRANSACTION
control field 20221207124445.0
040 ## - CATALOGING SOURCE
Transcribing agency Nust
082 ## - DEWEY DECIMAL CLASSIFICATION NUMBER
Classification number 297.2,ISL
100 ## - MAIN ENTRY--PERSONAL NAME
Personal name Islam,Khawaja Muhammad
9 (RLIN) 104335
245 ## - TITLE STATEMENT
Title The spectacle of death
Remainder of title Glimpses of Life Beyond the Grave /
Statement of responsibility, etc. khawaja Muhammad Islam
260 ## - PUBLICATION, DISTRIBUTION, ETC.
Place of publication, distribution, etc. Karachi
Name of publisher, distributor, etc. Darul Ishaat
Date of publication, distribution, etc. 1980
300 ## - PHYSICAL DESCRIPTION
Extent 506:p.;
505 ## - FORMATTED CONTENTS NOTE
Formatted contents note The Fearful Sight Of Death (Page-2), The Conditions Of Barzakh (Page-111), The Accounts Of The Day Of Resurrection (Page-205), Description Of Hell (Page-284), Glimpses Of Paradise (Page-315), The Impact Of Moral Offences On Faith (Page-397), The Signs Of Doom (Page-431).
650 ## - SUBJECT ADDED ENTRY--TOPICAL TERM
Topical term or geographic name entry element Life Beyond the Grave
9 (RLIN) 104336
942 ## - ADDED ENTRY ELEMENTS (KOHA)
Source of classification or shelving scheme
Koha item type Book
Call number prefix 297.2,ISL
Holdings
Withdrawn status Lost status Source of classification or shelving scheme Damaged status Not for loan Collection code Permanent Location Current Location Date acquired Total Checkouts Full call number Barcode Date last seen Price effective from Koha item type
            Military College of Signals (MCS) Military College of Signals (MCS) 12/12/2016   297.2 ISL MCS31312 12/08/2016 12/12/2016 Book
© 2023 Central Library, National University of Sciences and Technology. All Rights Reserved.